Länder nach Wikipedia-Beschreibungen #3 - Statistiken

Allgemein
  • Dieses Quiz wurde 63 mal gespielt
  • Das Durchschnittsergebnis liegt bei 8 aus 12
Antwortstatistiken
Hint Antwort % Korrekt
Der Stadtstaat ______ liegt vor der Südspitze der Malaiischen Halbinsel und wird von dieser durch die Straße von Johor getrennt. Mit einer Fläche von 728,6 Quadratkilometern hat ______ das kleinste Staatsgebiet Südostasiens. Singapur
94%
_____ ist sowohl nach Fläche als auch nach Bevölkerungszahl der kleinste allgemein anerkannte Staat der Erde und der einzige mit Latein als Amtssprache. Vatikan
88%
______ ist die drittgrößte Insel des Mittelmeers. Sie wird geographisch Asien, politisch und kulturell jedoch Europa zugeordnet. Die höchste Erhebung der gebirgigen Insel ist der Olympos (1952 m) im Troodos-Gebirge Zypern
86%
____ umfasst ein Gebiet von 110.994 Quadratkilometern und liegt in der gemäßigten Klimazone. Neben der Hauptstadt sind andere größere Städte Plowdiw, Warna und Burgas. _______ ist seit 2004 Mitglied der NATO und trat 2007 der Europäischen Union bei. Bulgarien
74%
_____ ist ein Binnenstaat an der Schnittstelle von Südasien, Zentralasien und Vorderasien, der an den Iran, Turkmenistan, Usbekistan, Tadschikistan, die Volksrepublik China und Pakistan grenzt. Drei Viertel des Landes bestehen aus schwer zugänglichen Gebirgsregionen. Afghanistan
66%
Weite Teile des Nordens von _____ sind nahezu unbesiedelt. Fast vier Fünftel der Menschen leben in Städten. Die letzte Volkszählung von 2021 ergab eine Einwohnerzahl von 37,0 Millionen. Daraus errechnet sich eine Bevölkerungsdichte von etwa 4,2 Einwohner/km², womit _____ eine der geringsten Bevölkerungsdichten der Welt besitzt. Kanada
64%
Bis zu seiner Unabhängigkeit 1816 war _________ Teil des spanischen Kolonialreiches. Der Landesname leitet sich von der lateinischen Bezeichnung für Silber ab und stammt aus der spanischen Kolonialzeit, als man hier Edelmetalle zu finden hoffte. Argentinien
62%
Die Geographie von ______ wird auch als „Bambusstange mit zwei Reisschalen“ beschrieben: Im Norden und Süden liegen die zwei fruchtbaren und dichtbesiedelten Gebiete der Mündungsdeltas von Rotem Fluss und Mekong, dazwischen ein schmales, eher karges, von Wald und Gebirge geprägtes Gebiet. Trotz der agrarischen Prägung lebten 2016 bereits rund 34 % der Menschen in den urbanen Regionen der großen Städte. Vietnam
62%
_____ gilt als Willensnation; nationale Identität und der Zusammenhalt der Bürger basieren nicht auf einer gemeinsamen Sprache, ethnischen Herkunft oder Religion, sondern auf interkulturellen Faktoren wie dem Glauben an die direkte Demokratie, einem hohen Mass an lokaler und regionaler Autonomie sowie einer ausgeprägten Kultur der Kompromissbereitschaft bei der politischen Entscheidungsfindung. Schweiz
46%
Die Fläche von _______ beträgt 100.284 Quadratkilometer. Davon entfallen nur 290 Quadratkilometer auf Wasserflächen, da es keine größeren natürlichen Seen gibt. ______ stößt im Osten an das Ostmeer und im Westen an das Gelbe Meer. Mit 500.000 aktiven Soldaten verfügt _______ gleichzeitig über ein größeres Militär als jedes europäische NATO-Land. Südkorea
46%
Nach Nigeria und Südafrika besitzt _______ die drittgrößte Wirtschaft in Subsahara-Afrika und die größte in Südost- und Zentralafrika (Stand 2020). _____ erlangte im Dezember 1963 die Unabhängigkeit von Großbritannien. Nach der Verabschiedung einer neuen Verfassung im August 2010 ist _____ in 47 halbautonome Gebietskörperschaften, sogenannte Counties, unterteilt, in denen jeweils ein gewählter Gouverneur regiert. Kenia
44%

Wegen seiner hügeligen Landschaft wird ______ auch „Land der tausend Hügel“ genannt. Auf dem Staatsgebiet verläuft die afrikanische Hauptwasserscheide zwischen den Einzugsgebieten des Nils und des Kongos.

Ruanda
28%
Keine übereinstimmenden Quizze gefunden
Verteilung der Resultate
Anzahl Personen mit jedem Resultat
Perzentil nach korrekt beantworteten Fragen
Ihre Resultats-Entwicklung
Sie haben dieses Quiz noch nicht gespielt